Top 10 regions with the highest HDI - Statistics

General Stats
  • This quiz has been taken 9 times
  • The average score is 7 of 10
Answer Stats
Hint Answer % Correct
0.988634 Zurich
100%
0.965995 Lake Geneva region
89%
0.967379 Capital Region of Denmark
78%
0.973488 Greater London
78%
0.980129 Oslo and Akershus
78%
0.971975 Stockholm Country
78%
0.980197 Australian Capital Territory
44%
0.971613 Hamburg
44%
0.963829 Utrecht province
33%
0.966465 Western Australia
33%
No matching quizzes found
Score Distribution
Percent of People with Each Score
Percentile by Number Answered
Your Score History
You have not taken this quiz